000 00450nam a2200145Ia 4500
008 100204s9999 xx 000 0 und d
082 _b13833
100 _aभडभडे सुमन
245 _aपूर्णाहुति
260 _b"उदयदीप प्रकाशन , मुंबई"
_c1983
300 _a178
630 _aपूर्णाहुति
730 _aपूर्णाहुति
942 _cBOOK
999 _c458265
_d458262